Apuntes de Coyoacán y San Angel /
Reproducción de treinta y cinco dibujos arquitectónicos a lápiz de capillas, templos, conventos, edificios públicos y casas de los barrios de Coyoacán y San Angel, Ciudad de México, y de cuya arquitectura se presenta un breve resumen.
Tallennettuna:
| Päätekijä: | |
|---|---|
| Muut tekijät: | , |
| Aineistotyyppi: | Kirja |
| Kieli: | espanja |
| Julkaistu: |
México :
Financiera Aceptaciones,
1973, c1973
|
| Aiheet: | |
| Tagit: |
Ei tageja, Lisää ensimmäinen tagi!
|
MARC
| LEADER | 00000nam^a2200000^a^4500 | ||
|---|---|---|---|
| 001 | 000187943 | ||
| 005 | 20250526000000.0 | ||
| 009 | 20260310102321.081 | ||
| 037 | |a Acervo ITESO - Biblioteca | ||
| 041 | |a ESP | ||
| 082 | |a 720. 22272532 |b PER | ||
| 100 | |a Pereznieto Castro, Fernando |e (autor) | ||
| 245 | 1 | 0 | |a Apuntes de Coyoacán y San Angel / |c F. Pereznieto Castro ; presen. de S. Novo ; texto de L. Pereznieto Castro. |
| 264 | 4 | |a México : |b Financiera Aceptaciones, |c 1973, c1973 | |
| 300 | |a [88] p. ; |c 27.0 cm. | ||
| 336 | |a texto |b txt |2 rdacontenido | ||
| 337 | |a sin mediación |b n |2 rdamedio | ||
| 338 | |a volumen |b nc |2 rdasoporte | ||
| 520 | |a Reproducción de treinta y cinco dibujos arquitectónicos a lápiz de capillas, templos, conventos, edificios públicos y casas de los barrios de Coyoacán y San Angel, Ciudad de México, y de cuya arquitectura se presenta un breve resumen. | ||
| 546 | |a Edición bilingüe español-inglés | ||
| 561 | |a Obra autografiada por el autor para Don Julio de la Peña (ejemplar 276 de 2000) | ||
| 649 | |a XX | ||
| 650 | |a Dibujo Arquitectónico | ||
| 650 | |a Representación Arquitectónica - |z México | ||
| 650 | |a Templos Cristianos - |z México (Ciudad) | ||
| 650 | |a Templos Cristianos - |z México | ||
| 650 | |a Capillas - |z México (Ciudad) | ||
| 650 | |a Capillas - |z México | ||
| 650 | |a Conventos y Monasterios - |z México (Ciudad) | ||
| 650 | |a Conventos y Monasterios - |z México | ||
| 650 | |a Vivienda - |z México (Ciudad) | ||
| 650 | |a Vivienda - |z México | ||
| 650 | |a Edificios Públicos - |z México (Ciudad) | ||
| 650 | |a Edificios Públicos - |z México | ||
| 650 | |a Arquitectura Virreinal - |z México (Ciudad) - |x Historia y Crítica | ||
| 650 | |a Arquitectura Mexicana - |x Historia y Crítica | ||
| 650 | |a Arte Virreinal - |z México (Ciudad) - |x Historia y Crítica | ||
| 650 | |a Arte Mexicano - |y Siglo XX | ||
| 650 | |a Arte Mexicano - |x Historia y Crítica | ||
| 700 | |a Novo, Salvador |e (presentación) | ||
| 700 | |a Pereznieto Castro, Leonel |e (texto) | ||
| 910 | |a Fondo Julio de la Peña Lomelín | ||
| 920 | |a Impresos - Libros | ||
| 930 | |a Libros Antiguos y Raros | ||
| 940 | |a Arquitectos Jaliscienses | ||
| 905 | |a 108 | ||
| 901 | |a 0500130636 |b IT2 |c LRA |u 20250526 | ||
| 902 | |a https://opac.biblio.iteso.mx/vufind/Record/000187943 | ||